000 00284nam a22001217a 4500
008 181029b xxu||||| |||| 00| 0 eng d
041 _aeng
080 _23rd
_a159.9
100 _a49
101 _aPSI
245 _aAbnormal Psychology and Modern Life
_cColeman, J.C
942 _2udc
_cBK
999 _c51061
_d51061